Macro federalism and local finance / (Record no. 13665)

000 -LEADER
fixed length control field 00723cam a2200241 a 4500
020 ## - INTERNATIONAL STANDARD BOOK NUMBER
ISBN 9780821363263
020 ## - INTERNATIONAL STANDARD BOOK NUMBER
ISBN 0821363263
020 ## - INTERNATIONAL STANDARD BOOK NUMBER
ISBN 9780821363270 (electronic)
020 ## - INTERNATIONAL STANDARD BOOK NUMBER
ISBN 0821363271 (electronic)
040 ## - CATALOGING SOURCE
Transcribing agency DLC
082 00 - DEWEY DECIMAL CLASSIFICATION NUMBER
Classification number 336 WOR 2008 A010 Or.
245 00 - TITLE STATEMENT
Title Macro federalism and local finance /
260 ## - PUBLICATION, DISTRIBUTION, ETC. (IMPRINT)
Place of publication Washington, D.C. :
Name of publisher World Bank,
Year of publication c2008.
300 ## - PHYSICAL DESCRIPTION
Number of Pages xxii, 338 p. :
Other physical details ill. ;
Dimensions 23 cm.
650 #0 - SUBJECT ADDED ENTRY--TOPICAL TERM
Topical Term Intergovernmental fiscal relations
650 #0 - SUBJECT ADDED ENTRY--TOPICAL TERM
Topical Term Federal government
650 #0 - SUBJECT ADDED ENTRY--TOPICAL TERM
Topical Term Local finance
650 #0 - SUBJECT ADDED ENTRY--TOPICAL TERM
Topical Term Decentralization in government
650 #0 - SUBJECT ADDED ENTRY--TOPICAL TERM
Topical Term Finance, Public
700 1# - ADDED ENTRY--PERSONAL NAME
Personal name Shah, Anwar.
856 41 - ELECTRONIC LOCATION AND ACCESS
Uniform Resource Identifier http://www.loc.gov/catdir/toc/ecip0811/2008006103.html
942 ## - ADDED ENTRY ELEMENTS (KOHA)
Koha item type សៀវភៅភាសាអង់គ្លេស
952 ## - LOCATION AND ITEM INFORMATION (KOHA)
Withdrawn status [LOCAL, KOHA] 0
Holdings
Permanent Location Date acquired Koha item type Lost status Shelving location Barcode Current Location Full call number
Library Block A2017-08-29សៀវភៅភាសាអង់គ្លេស A010A22530Library Block A336 WOR 2008 A010 Or.
មជ្ឈមណ្ឌលឯការនៃសាកលវិទ្យាល័យភូមិន្ទកសិកម្មចំការដូង

Powered by Koha